| 000 | 00438cam a2200157ua 4500 | ||
|---|---|---|---|
| 041 |
_aeng _h |
||
| 082 |
_a928.21 _bGIT/JO |
||
| 100 | _aGittings, Robert . | ||
| 245 |
_aJohn Keats: The living year 21 september 1818 to 21 september 1819 / _cRobert Gittings. _hTextual Documents |
||
| 260 |
_aMelbourne : _bWilliam Heinemann Ltd , _c1954. |
||
| 300 | _a247 ; . | ||
| 504 | _a | ||
| 650 | _aBiography | ||
| 942 | _cBK | ||
| 999 |
_c485 _d485 |
||